| 000 | 00856nam a22002651i 4500 | ||
|---|---|---|---|
| 001 | 142007 | ||
| 003 | ES-MaACL | ||
| 005 | 20230906200425.0 | ||
| 007 | t| | ||
| 008 | 071002s1981 sp ||||0| spa d | ||
| 016 | 7 | _zIBH8100917717 | |
| 020 | _a84-345-1477-X | ||
| 040 |
_aIBH _bspa _cM-BN-DP |
||
| 080 | _a616.4(075.8) | ||
| 100 | 1 |
_aWilliams, Robert H. _9116948 |
|
| 245 | 1 | 0 |
_aTratado de Endocrinología / _cRobert H. Williams... ; con la colaboración de 38 especialistas ; versión [de la 5ª edición americana] revisada... por Mario Foz Sala. |
| 250 | _a4ª ed. | ||
| 260 |
_aBarcelona : _bSalvat, _c1981. |
||
| 300 |
_aXXIV, 1440 p. : _bil., retr ; _c27 cm. |
||
| 500 | _aIndice. | ||
| 504 | _aBibliografía. | ||
| 650 | 4 |
_aEndocrinología. _9144424 |
|
| 700 | 1 |
_aFoz, M. ( _d1929-) _9147005 |
|
| 852 |
_aES-MaACL _jL-5458 _bR.106102 |
||
| 999 |
_c142007 _d142007 |
||